Select All - Snooker Players - Statistics

General Stats
  • This quiz has been taken 45 times
  • The average score is 25 of 45
Answer Stats
Question Tile Select % Correct
Countries that have won the World Cup Snooker Event {6} England Yes
90%
Snooker Players that have made the final of the UK Championship (Win or Lose) {5} Mark Allen Yes
88%
Snooker Players that have made the final of the UK Championship (Win or Lose) {5} Peter Ebdon Yes
88%
Snooker Players that have made at least the semi-finals of the World Championship or better. (Modern Era) {5} Bill Werbeniuk No
85%
Companies that have sponsored the World Championship {6} Betfred Yes
83%
Countries that have won the World Cup Snooker Event {6} Wales Yes
83%
Countries that have won the World Cup Snooker Event {6} Scotland Yes
80%
Countries that have won the World Cup Snooker Event {6} Thailand No
80%
Snooker Players that have made at least the semi-finals of the World Championship or better. (Modern Era) {5} Nigel Bond Yes
78%
Snooker Players that have made the final of the UK Championship (Win or Lose) {5} Stephen Lee No
75%
Countries that have won the World Cup Snooker Event {6} Belgium No
68%
Snooker Players that have made at least the semi-finals of the World Championship or better. (Modern Era) {5} Tony Drago No
68%
Companies that have sponsored the World Championship {6} Cazoo Yes
65%
Companies that have sponsored the World Championship {6} Embassy Yes
63%
Countries that have won the World Cup Snooker Event {6} Ireland Yes
63%
Snooker Players that have made at least the semi-finals of the World Championship or better. (Modern Era) {5} Jack Lisowski No
63%
Snooker Players that have made the final of the UK Championship (Win or Lose) {5} Nigel Bond No
63%
Players that played as debutants in the 2023 World Championship {4} Cao Yupeng No
60%
Countries that have won the World Cup Snooker Event {6} China Yes
60%
Players that played as debutants in the 2023 World Championship {4} Scott Donaldson No
60%
Snooker Players that have made at least the semi-finals of the World Championship or better. (Modern Era) {5} John Virgo Yes
58%
Companies that have sponsored the World Championship {6} Betfair Yes
55%
Snooker Players that have made the final of the UK Championship (Win or Lose) {5} Doug Mountjoy Yes
55%
Snooker Players that have made at least the semi-finals of the World Championship or better. (Modern Era) {5} Eddie Charlton Yes
55%
Companies that have sponsored the World Championship {6} William Hill No
55%
Companies that have sponsored the World Championship {6} 888.com Yes
53%
Companies that have sponsored the World Championship {6} Paddy Power No
53%
Players that played as debutants in the 2023 World Championship {4} Pang Junxu Yes
53%
Snooker Players that have made at least the semi-finals of the World Championship or better. (Modern Era) {5} Willie Thorne No
53%
Companies that have sponsored the World Championship {6} Benson & Hedges No
50%
Snooker Players that have made the final of the UK Championship (Win or Lose) {5} Paul Hunter No
50%
Countries that have won the World Cup Snooker Event {6} Australia No
48%
Players that played as debutants in the 2023 World Championship {4} Fan Zhengyi Yes
48%
Snooker Players that have made at least the semi-finals of the World Championship or better. (Modern Era) {5} James Wattana Yes
45%
Snooker Players that have made the final of the UK Championship (Win or Lose) {5} Liang Wenbo Yes
43%
Snooker Players that have made at least the semi-finals of the World Championship or better. (Modern Era) {5} Ricky Walden Yes
43%
Countries that have won the World Cup Snooker Event {6} Canada Yes
40%
Players that played as debutants in the 2023 World Championship {4} Jackson Page No
40%
Snooker Players that have made the final of the UK Championship (Win or Lose) {5} Dennis Taylor No
33%
Players that played as debutants in the 2023 World Championship {4} Xu Si No
33%
Snooker Players that have made the final of the UK Championship (Win or Lose) {5} Neal Foulds Yes
28%
Companies that have sponsored the World Championship {6} Dafabet Yes
25%
Players that played as debutants in the 2023 World Championship {4} Joe O'Connor No
23%
Players that played as debutants in the 2023 World Championship {4} Matt Selt Yes
15%
Players that played as debutants in the 2023 World Championship {4} David Grace Yes
8%
No matching quizzes found
Score Distribution
Percent of People with Each Score
Percentile by Number Answered
Your Score History
You have not taken this quiz